[Event "Delkanda Inter Club-chT"]
[Site "Delkanda"]
[Date "2021.02.28"]
[Round "6.1"]
[White "Ellawela, Suveen"]
[Black "Somadasa, AMTPS"]
[Result "1-0"]
[WhiteElo "1635"]
[BlackElo "1789"]
[PlyCount "87"]
[EventDate "2021.02.26"]
[EventType "team-tourn"]
[EventRounds "9"]
[EventCountry "SRI"]
[SourceTitle "EXT 2022"]
[Source "ChessBase"]
[SourceDate "2021.10.06"]
[SourceVersion "1"]
[SourceVersionDate "2021.10.06"]
[SourceQuality "1"]
[WhiteTeam "Blue and Gold CC"]
[BlackTeam "Grand Prix CC"]
[WhiteTeamCountry "SRI"]
[BlackTeamCountry "SRI"]

1. d4 d5 2. Nf3 Nf6 3. e3 c6 4. Bd3 Bg4 5. Nbd2 Nbd7 6. Be2 e6 7. b3 Qa5 8. Bb2 Ne4 9. 0-0 Nc3 10. Bxc3 Qxc3 11. a4 Bd6 12. Ra2 0-0 13. a5 Bc7 14. Ng5 Bf5 15. Nb1 Qb4 16. f4 f6 17. Nf3 e5 18. Nh4 Be4 19. Nd2 Bg6 20. Nxg6 hxg6 21. Nb1 exf4 22. exf4 Rae8 23. c4 Re3 24. cxd5 cxd5 25. Bf3 Qd6 26. Qc2 f5 27. Nc3 Bb8 28. Bxd5+ Kh7 29. Qf2 Qe7 30. Nd1 Re4 31. Bxe4 fxe4 32. Qe3 g5 33. Qh3+ Kg8 34. fxg5 Rxf1+ 35. Kxf1 Nf8 36. Re2 Bf4 37. Qf5 Bxg5 38. Rxe4 Qd8 39. Nc3 Bh6 40. Nd5 g6 41. Qe5 Bg7 42. Ne7+ Kh7 43. Rh4+ Bh6 44. Qg5 1-0